| 000 | 01652nam0a22003011 4500 | ||
|---|---|---|---|
| 001 | rc\3200686 | ||
| 005 | 20120628151813.9 | ||
| 021 |
_aRU _b[77-44144] |
||
| 035 | _a(NLR Aleph) 007354705 | ||
| 090 |
_a6245623 _c6245623 |
||
| 100 | _a20120628d1976 |||y0rusy50 ca | ||
| 101 | 0 | _arus | |
| 102 | _aRU | ||
| 105 | _aa z ||||| | ||
| 200 | 1 |
_aРеконструктивно-восстановительное лечение в травматологии, ортопедии, хирургии и нейрохирургии _e[Сборник статей] _fКазан. гос. мед. ин-т им. С.В. Курашова _g[Науч. ред. д-р мед. наук, проф. Г.М. Николаев] |
|
| 210 |
_aКазань _cБ. и. _d1976 |
||
| 215 |
_a91 с. _cил. _d21 |
||
| 300 | _aЗагл. обл.: Реконструктивно-восстановительные методы лечения в хирургии, травматологии, ортопедии и нейрохирургии | ||
| 320 | _aСписок лит.: с. 87-89 | ||
| 512 | 0 | _aРеконструктивно-восстановительные методы лечения в хирургии, травматологии, ортопедии и нейрохирургии | |
| 606 |
_aХирургия восстановительная _jСборники _2psbo |
||
| 702 | 1 |
_aНиколаев _bГ. М. _gГерман Михайлович _4340 |
|
| 712 | 0 | 2 |
_aКазанский мед. ин-т им. С.В. Курашова _3RU\NLR\AUTH\8810016054 |
| 801 | 0 |
_aRU _bNLR _gpsbo |
|
| 801 | 1 |
_aRU _bELAR _2rusmarc |
|
| 852 |
_aNLR _j77-6/4771 |
||
| 942 | _cBOOK | ||
| 980 | _aNB | ||